| 000 | 01199 a2200181 4500 | ||
|---|---|---|---|
| 003 | Nust | ||
| 005 | 20221220104321.0 | ||
| 040 | _cNust | ||
| 082 | _a621.384,RAD | ||
| 100 |
_aNorris, Roy Charles, _9105300 |
||
| 245 |
_aRadio engineering : _ba complete guide for all concerned with radio maintenance, production and development / _cRoy C. Norris |
||
| 260 |
_aOdhams Press _bLondon _c1942 |
||
| 300 |
_a511 p _billus _cdiagrs _e22 cm |
||
| 505 | _aWhat is Radio? (Page-5), How Receivers Work (Page-29), Circuits Explained (Page-105), Transmitters and Learning Morse (Page-120), Short Waves (Page-141), Centimeter Technique (Page-158), Radar (Page-175), Frequency and Pulse Modulation (Page-199) Radio in Aviation (Page-218), Radio in Ships (Page-246), Television (Page-270), Interference Suppression (Page-303), Batteries and Charging (Page-327), Radio Service Equipment (Page-358), Fault Finding in Receivers(Page-409) Sound Amplification (Page-436), Foundations of Radio (Page-464), Reference (Page-490). | ||
| 600 |
_aNorris, Roy Charles _9105300 |
||
| 650 |
_aRadio engineering; a complete guide for all concerned with radio maintenance, production and development _9105301 |
||
| 942 |
_2ddc _cBK |
||
| 999 |
_c183128 _d183128 |
||